Welcome to CU Library Online Public Access Catalogue (OPAC)

Computer Applications In Business / (Record no. 4980)

MARC details
000 -LEADER
fixed length control field 00662nam a22001817a 4500
005 - DATE AND TIME OF LATEST TRANSACTION
control field 20250319180736.0
008 - FIXED-LENGTH DATA ELEMENTS--GENERAL INFORMATION
fixed length control field 250319b |||||||| |||| 00| 0 eng d
020 ## - INTERNATIONAL STANDARD BOOK NUMBER
International Standard Book Number 9788121912006
050 ## - LIBRARY OF CONGRESS CALL NUMBER
Classification number HF5548
Item number .2.L247 2010
100 ## - MAIN ENTRY--PERSONAL NAME
Personal name R. Parameswaran (Dr.)
245 ## - TITLE STATEMENT
Title Computer Applications In Business /
Remainder of title [For the Commerce Students of Graduation Level, who want to know the Computer Applications]
Statement of responsibility, etc. R. Parameswaran (Dr.)
250 ## - EDITION STATEMENT
Edition statement 6th Revised Edition 2010
260 ## - PUBLICATION, DISTRIBUTION, ETC.
Place of publication, distribution, etc. New Delhi
-- India
Name of publisher, distributor, etc. S. Chand & Company Ltd.
Date of publication, distribution, etc. c2010
300 ## - PHYSICAL DESCRIPTION
Extent xiv, 295pages
Other physical details ill.
Dimensions 25cm
500 ## - GENERAL NOTE
General note Revised Edition
650 ## - SUBJECT ADDED ENTRY--TOPICAL TERM
Source of heading or term Computer Applications
942 ## - ADDED ENTRY ELEMENTS (KOHA)
Source of classification or shelving scheme Library of Congress Classification
Koha item type Books
Edition 6th ed.
Suppress in OPAC No
999 ## -
-- 4980
-- 4980
Holdings
Withdrawn status Lost status Source of classification or shelving scheme Damaged status Not for loan Collection Home library Current library Shelving location Date acquired Total checkouts Full call number Barcode Date last seen Copy number Price effective from Koha item type
    Library of Congress Classification     Non-fiction Business Library (Miotso) Business Library (Miotso) Reference 03/19/2025   HF5548.2.L247 PAR BSSM00001490 03/19/2025 1 03/19/2025 Books
    Library of Congress Classification     Non-fiction Business Library (Miotso) Business Library (Miotso) General stacks 07/03/2025   HF5548.32 .R393 2004 BSSM00002224 07/03/2025 2 07/03/2025 Books
© 2023-2024 Copyright: Central University Libraries. All Rights Reserved | Created by: Mahone Tech Office